000 00463nam a2200181Ia 4500
008 191130s2008##################000#0#eng##
020 _a9781591026426
040 _aACL
_cACL
082 _a813.54 KEN
100 _aKenyon, Kay
245 _aA world too near
_cKay Kenyon
260 _aAmherst, NY
_bPyr
_c2008
300 _a425 p. ; 24 cm
650 _aAmerican Fiction
990 _a5e14bdd0ac10000c74728868ab4ac6ad
991 _a303708
999 _c360116
_d360116